Statistics for 20長野県の市町村

Click here to take the quiz!

General Stats

  • This quiz has been taken 71 times
    (67 since last reset)
  • The average score is 36 of 77

Answer Stats

Answer% Correct
長野市
100%
松本市
98%
上田市
95%
諏訪市
91%
飯田市
88%
佐久市
84%
飯山市
81%
塩尻市
79%
岡谷市
77%
小諸市
77%
伊那市
77%
茅野市
74%
安曇野市
72%
中野市
70%
須坂市
70%
駒ヶ根市
65%
千曲市
65%
大町市
63%
東御市
63%
諏訪郡下諏訪町
53%
木曽郡木曽町
51%
木曽郡木祖村
51%
下伊那郡阿智村
49%
諏訪郡富士見町
49%
木曽郡南木曽町
47%
上伊那郡辰野町
47%
諏訪郡原村
47%
上伊那郡宮田村
47%
下伊那郡天龍村
44%
木曽郡王滝村
44%
下伊那郡泰阜村
44%
下伊那郡喬木村
44%
上伊那郡南箕輪村
44%
下伊那郡売木村
44%
下伊那郡根羽村
42%
上伊那郡箕輪町
42%
下伊那郡阿南町
40%
南佐久郡南牧村
40%
木曽郡上松町
40%
上伊那郡飯島町
40%
北佐久郡軽井沢町
40%
木曽郡大桑村
40%
下伊那郡大鹿村
37%
南佐久郡小海町
37%
北安曇郡白馬村
37%
北安曇郡小谷村
37%
下水内郡栄村
37%
下伊那郡松川町
37%
下伊那郡高森町
37%
下伊那郡下條村
35%
上水内郡信濃町
35%
上伊那郡中川村
35%
東筑摩郡朝日村
33%
上水内郡飯綱町
33%
埴科郡坂城町
33%
北佐久郡立科町
33%
北佐久郡御代田町
33%
北安曇郡松川村
33%
東筑摩郡筑北村
33%
東筑摩郡麻績村
33%
南佐久郡南相木村
33%
南佐久郡佐久穂町
33%
南佐久郡北相木村
33%
南佐久郡川上村
33%
下伊那郡豊丘村
33%
小県郡青木村
30%
下高井郡野沢温泉村
30%
下伊那郡平谷村
30%
東筑摩郡山形村
30%
下高井郡山ノ内町
30%
上水内郡小川村
28%
上高井郡小布施町
28%
小県郡長和町
28%
北安曇郡池田町
28%
下高井郡木島平村
26%
上高井郡高山村
26%
東筑摩郡生坂村
26%

Score Distribution

Percentile by Number Answered

Percent of People with Each Score

Your Score History

You have not taken this quiz since the last reset